| 000 | 00630cam a22002172 4500 | ||
|---|---|---|---|
| 001 | 0000021455 | ||
| 005 | 20151217145938.0 | ||
| 008 | 120518s xx 000 0 eng d | ||
| 020 | _a1847039279 : | ||
| 040 |
_aKABU _cKABU |
||
| 100 | 1 |
_aRose, Francis D. _@0000182327 |
|
| 245 | 1 | 0 |
_aKennedy and Rose law of salvage / _cFrancis D. Rose. |
| 250 | _a7th ed. | ||
| 260 |
_aLondon : _bSweet & Maxwell, _c2011. |
||
| 300 | _alxxiii, 1023p. | ||
| 650 | 0 |
_aSalvage _zGreat Britain. _@0000182328 |
|
| 700 | 1 |
_aKennedy, W. R. _@0000182329 |
|
| 908 | _a120518 | ||
| 950 | _@1 | ||
| 999 |
_c4328 _d4328 |
||